Вып. 5 (19) : Комплекс программ по вопросу оптимального размещения разведочных скважин на нефть и газ; Алгоритмы и программы

Detaylı Bibliyografya
Parent link:Алгоритмы и программы/ Академия наук СССР (АН СССР); Всесоюзный научно-исследовательский институт экономики минерального сырья и геологоразведочных работ (ВИЭМС); под ред. Д. А. Родионова. Вып. 5 (19) : Комплекс программ по вопросу оптимального размещения разведочных скважин на нефть и газ.— , 1977-1982
Dil:Rusça
Baskı/Yayın Bilgisi: 1977
Konular:
Materyal Türü: Kitap
KOHA link:https://koha.lib.tpu.ru/cgi-bin/koha/opac-detail.pl?biblionumber=331015

MARC

LEADER 00000nam2a2200000 4500
001 331015
005 20231102004320.0
035 |a (RuTPU)RU\TPU\book\356803 
035 |a RU\TPU\book\356802 
090 |a 331015 
100 |a 20170413d1977 k y0rusy5003 ca 
101 0 |a rus 
102 |a RU 
105 |a a z 001zy 
200 0 |a Вып. 5 (19) : Комплекс программ по вопросу оптимального размещения разведочных скважин на нефть и газ 
210 |d 1977 
215 |a 70 с.  |c граф. 
320 |a Библиография в конце статей 
461 1 |0 (RuTPU)RU\TPU\book\201461  |t Алгоритмы и программы  |f Академия наук СССР (АН СССР); Всесоюзный научно-исследовательский институт экономики минерального сырья и геологоразведочных работ (ВИЭМС); под ред. Д. А. Родионова  |v Вып. 5 (19) : Комплекс программ по вопросу оптимального размещения разведочных скважин на нефть и газ  |d 1977-1982 
606 1 |a Геология  |x Применение ЭВМ  |2 stltpush  |3 (RuTPU)RU\TPU\subj\69768  |9 84458 
610 1 |a геологические исследования 
610 1 |a прикладные программы 
610 1 |a математическое моделирование 
610 1 |a разведочные скважины 
610 1 |a оптимальное размещение 
610 1 |a нефтяные скважины 
610 1 |a газовые скважины 
610 1 |a многопластовые месторождения 
610 1 |a сплайн-функции 
610 1 |a сплайн-интерполяция 
610 1 |a метод приближений 
675 |a 55:681.3  |v 3 
801 0 |a RU  |b RuMRKP  |c 19950704  |g psbo 
801 1 |a RU  |b 63413507  |c 20151119 
801 2 |a RU  |b 63413507  |c 20200817  |g RCR 
942 |c BK